00272 a2200109 4500001000700000020000600007040001100013100002400024240005500048245005000103362000900153167127 a  cMagnum aSmole, Katia Stocco10aBrincadeiras infantis nas aulas de matematicalpor10aBrincadeiras infantis nas aulas de matematica0 a1899